000 00708nam a2200289Ia 4500
005 20260324135646.0
008 008 260324s9999 xx 000 0 eng d
020 _a9780203714652
037 _aEBOOK
040 _aCRL
040 _beng
040 _cCRL
041 _2eng
041 _aeng
084 _qCRL
100 _aGill Chitty; David Baker
_91201410
245 0 _aManaging Historic Sites and Buildings
245 0 _bReconciling Presentation and Preservation
260 _bTaylor and Francis
260 _c2000
365 _a
365 _b230
856 _uhttp://www.taylorfrancis.com/books/9780203714652
942 _cEBOOK
999 _c1802740
_d1802740